5HLuxD.jpg

KING HENRY VIII SENIOR AND PRIMARY SCHOOL LIBRARY OPAC

The League of Nations and the organisation of peace / (Record no. 244)

000 -LEADER
fixed length control field 01464cam a22002894a 4500
001 - CONTROL NUMBER
control field 16913897
003 - CONTROL NUMBER IDENTIFIER
control field OSt
005 - DATE AND TIME OF LATEST TRANSACTION
control field 20190802110114.0
008 - FIXED-LENGTH DATA ELEMENTS--GENERAL INFORMATION
fixed length control field 110810s2012 nyua b 001 0 eng
010 ## - LIBRARY OF CONGRESS CONTROL NUMBER
LC control number 2011033604
020 ## - INTERNATIONAL STANDARD BOOK NUMBER
International Standard Book Number 9781408228241 (pbk.)
040 ## - CATALOGING SOURCE
Original cataloging agency DLC
Transcribing agency DLC
Modifying agency DLC
042 ## - AUTHENTICATION CODE
Authentication code pcc
082 00 - DEWEY DECIMAL CLASSIFICATION NUMBER
Classification number 327.172 HOU
Edition number 23
100 1# - MAIN ENTRY--PERSONAL NAME
Personal name Housden, Martyn,
Dates associated with a name 1962-
Relator term author
245 14 - TITLE STATEMENT
Title The League of Nations and the organisation of peace /
Statement of responsibility, etc. Martyn Housden.
260 ## - PUBLICATION, DISTRIBUTION, ETC.
Place of publication, distribution, etc. New York :
Name of publisher, distributor, etc. Pearson Longman,
Date of publication, distribution, etc. 2012.
300 ## - PHYSICAL DESCRIPTION
Extent xix, 170 p. :
Other physical details ill. ;
Dimensions 24 cm.
504 ## - BIBLIOGRAPHY, ETC. NOTE
Bibliography, etc. note Includes bibliographical references (p. [161]-168) and index.
505 0# - FORMATTED CONTENTS NOTE
Formatted contents note Introduction: organising the peace of the world -- What was the League of Nations? -- How new was the League of Nations? -- A promising start? disputes, borders and national minorities in the 1920s -- International humanitarian action: refugees and security -- Removing the causes of war: social and economic projects -- The League betrayed: collective security in the 1930s and disarmament -- Conclusion: assessing the League of Nations -- Documents.
610 20 - SUBJECT ADDED ENTRY--CORPORATE NAME
Corporate name or jurisdiction name as entry element League of Nations
General subdivision History.
650 #0 - SUBJECT ADDED ENTRY--TOPICAL TERM
Topical term or geographic name entry element Peace
General subdivision International cooperation.
856 42 - ELECTRONIC LOCATION AND ACCESS
Materials specified Book review (H-Net)
Uniform Resource Identifier <a href="http://www.h-net.org/reviews/showrev.php?id=39174">http://www.h-net.org/reviews/showrev.php?id=39174</a>
906 ## - LOCAL DATA ELEMENT F, LDF (RLIN)
a 7
b cbc
c orignew
d 1
e ecip
f 20
g y-gencatlg
942 ## - ADDED ENTRY ELEMENTS (KOHA)
Source of classification or shelving scheme
Koha item type Books - Non Ficton
Holdings
Withdrawn status Lost status Source of classification or shelving scheme Damaged status Not for loan Collection code Permanent Location Current Location Shelving location Date acquired Total Checkouts Full call number Barcode Date last seen Date last checked out Price effective from Koha item type
          Non-Fiction KH8 Senior School Library KH8 Senior School Library Non Fiction 2019-08-02 1 327.172 HOU 3KHSL000100182 2023-03-15 2023-02-08 2019-08-02 Books - Non Ficton

Powered By KH8 IT Dept